00522nam a2200169Ia 450000500170000000800410001704000190005804100120007708200130008924500810010226000420018330000290022550400500025465000200030470000180032485000100034220230609115243.0131103s9999 xx 000 0 und d aLoreto College aEnglish a938bBUR 4aThe Cambridge ancient historycedited by J.B.Bury, S.A.Cook [and] F.E.Adcock aCambridgebThe University Pressc1958 aV.5 (xxii,554 p.)b ill. aIncludes bibliographical references and index aAncient History aBury,J.B.,ed. aLCLIB